000
00304nam a22001337a 4500
008
181019b xxu||||| |||| 00| 0 eng d
020
_a
9780789723031
041
_a
eng
080
_2
12 ed
_a
004
100
_a
37
101
_a
SHK
245
_a
Upgarding And Reparing Pcs
_c
Scott.M
942
_2
udc
_c
BK
999
_c
50179
_d
50179